书目信息 |
| 题名: |
汽车制造工艺学
|
|
| 作者: | 宋新萍 主编 | |
| 分册: | ||
| 出版信息: | 北京 机械工业出版社 201.7 |
|
| 页数: | 327页 | |
| 开本: | 26cm | |
| 丛书名: | ||
| 单 册: | ||
| 中图分类: | U466 | |
| 科图分类: | ||
| 主题词: | 汽车--生产工艺--教材 | |
| 电子资源: | ||
| ISBN: | 978-7-111-41279-3 | |
| 000 | 00808nam0 2200241 450 | |
| 001 | 0400001869 | |
| 005 | 20171019174737.0 | |
| 010 | @a978-7-111-41279-3@dCNY48.00 | |
| 100 | @a20130425d2017 em y0chiy50 ea | |
| 101 | 0 | @achi |
| 102 | @aCN@b110000 | |
| 105 | @aa z 000yy | |
| 106 | @ar | |
| 200 | 1 | @a汽车制造工艺学@9qi che zhi zao gong yi xue@f宋新萍主编 |
| 210 | @a北京@c机械工业出版社@d201.7 | |
| 215 | @a327页@c图@d26cm | |
| 300 | @a汽车类教学改革规划教材 | |
| 330 | @a本书分为三篇,第一篇为汽车零件机械加工工艺的基本理论;第二篇为汽车零件机械加工和装配工艺的制订;第三篇为汽车制造工艺课程设计(机械加工和装配工艺实例)。 | |
| 606 | 0 | @a汽车@x生产工艺@j教材 |
| 690 | @aU466@v5 | |
| 701 | 0 | @a宋新萍@9song xin ping@4主编 |
| 801 | 0 | @aCN@b91MARC@c20171019 |
| 905 | @b1030876-80@dU466@f5@e514 | |
| 汽车制造工艺学/宋新萍主编.-北京:机械工业出版社,201.7 |
| 327页:图;26cm |
| 汽车类教学改革规划教材 |
| ISBN 978-7-111-41279-3:CNY48.00 |
| 本书分为三篇,第一篇为汽车零件机械加工工艺的基本理论;第二篇为汽车零件机械加工和装配工艺的制订;第三篇为汽车制造工艺课程设计(机械加工和装配工艺实例)。 |
| ● |
| 相关链接 |
|
|
|
|
正题名:汽车制造工艺学
索取号:U466/514
 
预约/预借
| 序号 | 登录号 | 条形码 | 馆藏地/架位号 | 状态 | 备注 |
| 1 | 1030876 | 210308763 | 第二样本阅览室/ [索取号:U466/514] | 在馆 | |
| 2 | 1030877 | 210308772 | 密集书库-物理学院/ [索取号:U466/514] | 在馆 | |
| 3 | 1030878 | 210308781 | 第三借阅区/ [索取号:U466/514] | 在馆 | |
| 4 | 1030879 | 210308790 | 第三借阅区/ [索取号:U466/514] | 在馆 | |
| 5 | 1030880 | 210308807 | 第三借阅区/ [索取号:U466/514] | 在馆 |